| 000 | 00882cai a22001815a 4500 | ||
|---|---|---|---|
| 001 | E144999 | ||
| 008 | 080829u xxk g 000 0 eng d | ||
| 035 | _a(Sirsi) u144999 | ||
| 041 | 0 | _aeng | |
| 110 | 2 |
_aScottish Agricultural College _93388 |
|
| 245 | 0 | 0 |
_aSAC Rural Property Centre _h[electronic resource] |
| 520 | _aWebsite for the Scottish Agricultural College's Rural Property Centre, which aims to assess the impact of current policies on rural life, and to undertake research which will inform future rural policy making. Includes links to recent publications, including research reports and policy briefings. | ||
| 590 | _aKA | ||
| 651 | 4 |
_aScotland _y1999- |
|
| 690 | _aENVIRONMENTAL AND LAND CONSULTANCY-AGRIBUSINESS-AGRICULTURE | ||
| 856 | 4 | 0 |
_uhttps://www.sac.ac.uk/ruralpolicycentre/ _zView the website free of charge at www.sac.ac.uk/ruralpolicycentre... |
| 942 | _n0 | ||
| 999 |
_c120699 _d120699 |
||